00787nam a2200229Ia 4500001002900000003000900029008004100038040002300079041001300102100001800115240005000133245005000183250001500233260003200248300002500280490002300305500001700328501012400345520003400469700003400503700002000537791.430 973-JAC le av (7362)IT-MiSPE171229s9999||||xx |||||||||||||| ||und|| aIT-MiSPEcIT-MiSPE aITALIANO aLewis Jacobs  aThe rise of american film: A critical history 0aL'avventurosa storia del cinema americanobI. a1a ed. (v) aMilanobIl Saggiatorec1966 a374 p. [2 v.]c17 cm a I gabbianiv 38/1 aCinema - USA aEdizioni San Paolo srl - Piazza Soncino, 5 - 20092 CINISELLO BALSAMO (MI) (non commercial uses only) ® Copyright 2018 aGuido Aristarco (pref.). Tav. aGuidarino Guidig(traduzione) aGuido Aristarco